000 01543nab a22002657a 4500
999 _c5456
_d5456
003 OSt
005 20251023112238.0
008 190603e xxum|||| |||| 00| 0 spa d
040 _cPJ
100 _95463
_aDepetris, Carlos E.
245 1 0 _aReparación integral del daño, igualdad y seguridad jurídica. Una armonización necesaria para reducir decisiones ruidosas /
_cCarlos E. Depetris.
260 _cCiudad Autónoma de Buenos Aires :
_aThomson Reuters La Ley,
_b2025.
300 _ap. 153-168
500 _aCita Online: TR LALEY AR/DOC/424/2025.
505 _aSumario: I. Introducción.— II. Precisiones básicas sobre los principios.— III. Los principios de reparación plena, de igualdad y de seguridad jurídica.— IV. La necesaria armonización de principios en las decisiones sobre daños.— V. El deber de armonizar y ponderar principios en pugna para la determinación del resarcimiento.— VI. Conclusión. Acciones posibles frente al problema desde la mirada de los principios en juego.
505 _t¿Te interesa el texto completo? Solicitalo al correo: koha@justierradelfuego.gov.ar
650 0 _91497
_aCODIGO CIVIL Y COMERCIAL
650 0 _94077
_aREPARACION INTEGRAL
650 0 _91467
_aRESPONSABILIDAD CIVIL
650 0 _91237
_aIGUALDAD ANTE LA LEY
650 0 _91146
_aJUECES
650 0 _91676
_aPRINCIPIOS GENERALES DEL DERECHO
773 0 _02713
_93170
_dCiudad Autónoma de Buenos Aires : Thomson Reuters La Ley, 2015-
_tRevista Código Civil y Comercial. Nº 2 - Abril 2025
942 _2udc
_cANA